Famille d’accueil monoparentale (notice n° 1586652)
[ vue normale ]
| 000 -LEADER | |
|---|---|
| fixed length control field | 01362cam a2200265 4500500 |
| 005 - DATE AND TIME OF LATEST TRANSACTION | |
| control field | 20251228055909.0 |
| 041 ## - LANGUAGE CODE | |
| Language code of text/sound track or separate title | fre |
| 042 ## - AUTHENTICATION CODE | |
| Authentication code | dc |
| 100 10 - MAIN ENTRY--PERSONAL NAME | |
| Personal name | Rivière, Christelle |
| Relator term | author |
| 245 00 - TITLE STATEMENT | |
| Title | Famille d’accueil monoparentale |
| 260 ## - PUBLICATION, DISTRIBUTION, ETC. | |
| Date of publication, distribution, etc. | 2021.<br/> |
| 500 ## - GENERAL NOTE | |
| General note | 86 |
| 520 ## - SUMMARY, ETC. | |
| Summary, etc. | Être femme solo en tant qu’assistante familiale auprès des mna (mineurs non accompagnés) ou mère dans une famille monoparentale requiert les mêmes aptitudes. Il y a des constantes, comme ne jamais baisser le front, mais également des variants tels que les acceptabilités ; psychologiquement et physiquement, on se doit d’être un minimum résistant ! |
| 520 ## - SUMMARY, ETC. | |
| Summary, etc. | Being a single foster mother to an unaccompanied minor ( uam) and being a single mother require the same skills. There are some constants, such as never giving up, but also some differences, such as what is considered acceptable: both mentally and physically, you have to be resilient to say the least! |
| 690 ## - LOCAL SUBJECT ADDED ENTRY--TOPICAL TERM (OCLC, RLIN) | |
| Topical term or geographic name as entry element | écoute |
| 690 ## - LOCAL SUBJECT ADDED ENTRY--TOPICAL TERM (OCLC, RLIN) | |
| Topical term or geographic name as entry element | mineur non accompagné |
| 690 ## - LOCAL SUBJECT ADDED ENTRY--TOPICAL TERM (OCLC, RLIN) | |
| Topical term or geographic name as entry element | partage |
| 690 ## - LOCAL SUBJECT ADDED ENTRY--TOPICAL TERM (OCLC, RLIN) | |
| Topical term or geographic name as entry element | profession |
| 690 ## - LOCAL SUBJECT ADDED ENTRY--TOPICAL TERM (OCLC, RLIN) | |
| Topical term or geographic name as entry element | listening |
| 690 ## - LOCAL SUBJECT ADDED ENTRY--TOPICAL TERM (OCLC, RLIN) | |
| Topical term or geographic name as entry element | profession |
| 690 ## - LOCAL SUBJECT ADDED ENTRY--TOPICAL TERM (OCLC, RLIN) | |
| Topical term or geographic name as entry element | sharing |
| 690 ## - LOCAL SUBJECT ADDED ENTRY--TOPICAL TERM (OCLC, RLIN) | |
| Topical term or geographic name as entry element | unaccompanied minor |
| 786 0# - DATA SOURCE ENTRY | |
| Note | Empan | 122 | 2 | 2021-06-11 | p. 66-70 | 1152-3336 |
| 856 41 - ELECTRONIC LOCATION AND ACCESS | |
| Uniform Resource Identifier | <a href="https://shs.cairn.info/revue-empan-2021-2-page-66?lang=fr&redirect-ssocas=7080">https://shs.cairn.info/revue-empan-2021-2-page-66?lang=fr&redirect-ssocas=7080</a> |
Pas d'exemplaire disponible.




Réseaux sociaux